1948 1818 1446 1590 1517 1283 1282 1853 1837 1926 1794 1511 1695 1736 1001 1598 1711 1561 1014 1448 1675 1021 1011 1881 1852 1892 1053 1050 1048 1796 1483 2000 1810 1351 1712 1356 1529 1344 1252 1389 1030 1750 1684 1831 1587 1783 1020 1264 1343 1655 1413 1442 1389 1483 1010 1747 1153 1124 1297 1569 1582 1955 1134 1433 1834 1533 1100 1189 1761 1132 1544 1812 1376 1534 1891 1558 1455 1075 1732 1067 1597 1812 1576 1187 1673 1108 1198 1914 1857 1248 1551 1220 1319 1595 1804 1616 1263 1098 1428 BCNSPRNW ULIB Ver.6.0+V

เปลี่ยนเป็นภาษาไทย

Change to English
 แสดงรายละเอียดบรรณานุกรม
  กลับหน้าหลัก

Brief Record : Get Marc (ISO 2709) : E-mail record : QR code < ปิดหน้าต่าง
LEADER : 00000nam 2200000uu 4500
001    13399127752
003     ULIB
008    210518s2557||||th 000 0 tha d
020    ู^a9786163693822
050    ^aนว^bซ119ม^cล.12
100    ^aซ็อลบง
245    ^aมหากาพย์เทพมรณะ เล่ม 12
250    ^aพิมพ์ครั้งที่ 1
260    ^aกรุงเทพฯ :^bสยามอินเตอร์บุ๊คส์,^c2557
300    ^a214 หน้า;^b21 ซม.
650    ^aนวนิยาย
945    ^p200^l0^i008063
999    ^aประนอม เกษจรัล
รายการนี้ยังไม่มีแท็ก
คุณยังไม่ได้ล็อกอิน คุณสามารถมีกิจกรรมร่วมกับเว็บไซต์ได้ แต่ต้องล็อกอินก่อน ::
  ล็อกอิน

รายการสื่อสารสนเทศ

ลำดับที่ ประเภท เลขเรียก/บาร์โค้ด สถานที่ สถานะ
1. นวนิยาย
นวนิยาย
นว ซ119ม ล.12 ฉ.1 
  Barcode: 008063
ห้องสมุดวิทยาเขตนครสวรรค์
►นวนิยาย:l:Fiction
บนชั้น
Note:บริจาค

รายการใกล้เคียง
    ผู้แต่ง [ซ็อลบง]

    หัวเรื่อง [นวนิยาย]

BibComment


ยังไม่เคยถูกคอมเมนท์

คอมเมนท์ทรัพยากรรายการนี้
  คอมเมนท์: มหากาพย์เทพมรณะ ..


 Copyright 2026. Bcnsprnw @Library